000 00375nam a2200169Ia 4500
008 210210b1927 xxu||||| |||| 00| 0 eng d
041 _aeng
082 _a230/184
100 _aMORAL SCIENCE
245 _aMoral science
260 _aMadras
_bNot Mentioned
_c1927
300 _axxi,335
650 _ascience
650 _aMoral
690 _aReligion
906 _a001420
999 _c116541
_d116541